=LDR 00000nam 2200000 4500 =001 INLIS000000000032341 =005 20130612134343 =008 ***********************************ind** =035 ##$$0010-061300000032341 =041 ##$$a ind =082 ##$$a 2x4.13 =090 ##$$a 2x4.13, Ali a =100 ##$$a Ali, Mahrus =245 ##$$a Amaliyah Ayat di Bulan Ramadhan, H. Mahrus Ali =260 ##$$a 2009 $b Surabaya =300 ##$$a xxxi,554 hlm, 24 cm =650 ##$$a Puasa Ramadhan-Amal =850 ##$$a NBPNMAT